000 00785nam a2200205Ia 4500
003 GCL
008 140319s9999 xx 000 0 ara d
040 _aGCL /
_cGCL
082 0 4 _a787.67
_bو م
100 1 _aوزارة الثقافة
245 1 0 _aمدونات لالة العود: صدر بمناسبة المهرجان والموتمر الثانى للموسيقى العربية /
_cوزارة الثقافة
260 _a[S.N] :
_bوزارة الثقافة - المركز الثقافى القومى ،
_c1993
490 _a
650 0 4 _aالموسيقى
650 0 4 _aالالات الموسيقية
650 0 4 _aالالات الموسيقية الوترية
650 0 4 _aالالات الموسيقية العربية
650 0 4 _aالعود
942 _2ddc
_cBK
999 _c36096
_d36096